[Event "POL-ch U18"]
[Site "Szklarska Poreba"]
[Date "2019.03.16"]
[Round "9"]
[White "Posluszny, Tomasz"]
[Black "Paliwoda, Borys"]
[Result "1/2-1/2"]
[WhiteElo "1906"]
[BlackElo "1974"]
[PlyCount "73"]
[EventDate "2019.03.09"]
[EventType "swiss"]
[EventRounds "9"]
[EventCountry "POL"]
[SourceTitle "CBM 189 Extra"]
[Source "ChessBase"]
[SourceDate "2019.06.03"]
[SourceVersion "1"]
[SourceVersionDate "2019.06.03"]
[SourceQuality "1"]

1. d4 d5 2. c4 c5 3. Nc3 dxc4 4. d5 e6 5. e4 exd5 6. exd5 Nf6 7. Bxc4 Bd6 8. Nf3 0-0 9. 0-0 Bf5 10. Re1 h6 11. b3 a6 12. a4 b6 13. Ne5 Qc7 14. f4 Nfd7 15. Nxd7 Nxd7 16. Qf3 Nf6 17. h3 h5 18. Bd2 Qb7 19. Re5 Bg6 20. Rae1 Rad8 21. g3 Qc8 22. Kh2 Rde8 23. Qf1 a5 24. Nb5 Qb8 25. Nxd6 Qxd6 26. Rxe8 Rxe8 27. Rxe8+ Nxe8 28. Qf3 f6 29. f5 Bf7 30. Bf4 Qe7 31. Qe3 Qxe3 32. Bxe3 Nd6 33. Bf4 Nxc4 34. bxc4 Be8 35. Bc7 Bxa4 36. Bxb6 Kf7 37. Bxa5 1/2-1/2

[Event "POL-chT 2nd League"]
[Site "Jastrzebia Gora"]
[Date "2018.09.03"]
[Round "3.12"]
[White "Paliwoda, Borys"]
[Black "Kubica, Kamil"]
[Result "1/2-1/2"]
[WhiteElo "1883"]
[BlackElo "2153"]
[PlyCount "84"]
[EventDate "2018.09.01"]
[EventType "team-swiss"]
[EventRounds "9"]
[EventCountry "POL"]
[SourceTitle "CBM 186 Extra"]
[Source "ChessBase"]
[SourceDate "2018.08.24"]
[SourceVersion "1"]
[SourceVersionDate "2018.08.24"]
[SourceQuality "1"]
[WhiteTeam "Znin Baszta"]
[BlackTeam "Czerwionka Leszczyny Skoczek"]
[WhiteTeamCountry "POL"]
[BlackTeamCountry "POL"]

1. e4 e5 2. Nf3 Nc6 3. Bc4 Bc5 4. c3 Nf6 5. d3 a6 6. Bb3 d6 7. 0-0 Ba7 8. Re1 0-0 9. Nbd2 Re8 10. Nf1 Be6 11. Ng3 h6 12. Bc2 d5 13. exd5 Bxd5 14. Be3 Bxe3 15. fxe3 e4 16. dxe4 Bxe4 17. Nxe4 Nxe4 18. Bxe4 Rxe4 19. Qxd8+ Rxd8 20. Kf2 Rd3 21. Rac1 Kf8 22. h3 Na5 23. b3 c5 24. Rc2 Nc6 25. Nd2 Re6 26. Nc4 b5 27. Nb2 Rd5 28. Ke2 Rg5 29. Kf1 Rg3 30. Nd3 Rg5 31. c4 Nb4 32. Nxb4 cxb4 33. cxb5 Rxb5 34. Rc8+ Ke7 35. Rc7+ Kf8 36. Rc8+ Ke7 37. Rc7+ Kf6 38. Ke2 Kg6 39. Rf1 f5 40. Rf3 Kf6 41. g4 g6 42. gxf5 gxf5 1/2-1/2

[Event "EU-ch blitz"]
[Site "Katowice"]
[Date "2017.12.15"]
[Round "2"]
[White "Paliwoda, Borys"]
[Black "Kanarek, Marcel"]
[Result "0-1"]
[WhiteElo "1956"]
[BlackElo "2505"]
[PlyCount "34"]
[EventDate "2017.12.15"]
[EventType "swiss (blitz)"]
[EventRounds "22"]
[EventCountry "POL"]
[SourceTitle "CBM 182 Extra"]
[Source "ChessBase"]
[SourceDate "2018.02.23"]
[SourceVersion "1"]
[SourceVersionDate "2018.02.23"]
[SourceQuality "1"]

1. e4 c5 2. Nf3 Nc6 3. d4 cxd4 4. Nxd4 g6 5. c4 Bg7 6. Nc2 Nf6 7. Nc3 d6 8. Be2 a6 9. 0-0 0-0 10. Be3 Be6 11. Rc1 Rc8 12. Qd2 Qa5 13. Nd4 Nxd4 14. Bxd4 Bxc4 15. Bxc4 Rxc4 16. Bxf6 Bxf6 17. Nd5 Qxd2 0-1

[Event "POL-chT4 Kujawsko-Pomorskie 1617"]
[Site "Poland"]
[Date "2017.01.29"]
[Round "7.21"]
[White "Czarkowski, Tomasz"]
[Black "Paliwoda, Borys"]
[Result "1-0"]
[WhiteElo "1821"]
[BlackElo "1717"]
[PlyCount "55"]
[EventDate "2016.11.06"]
[EventType "team-tourn"]
[EventRounds "11"]
[EventCountry "POL"]
[SourceTitle "EXT 2019"]
[Source "ChessBase"]
[SourceDate "2018.10.10"]
[SourceVersion "1"]
[SourceVersionDate "2018.10.10"]
[SourceQuality "1"]

1. d4 d5 2. c4 e6 3. Nc3 Be7 4. Bf4 Nf6 5. Nf3 0-0 6. e3 b6 7. Qc2 Bb7 8. cxd5 exd5 9. Bd3 c5 10. h4 Nc6 11. a3 c4 12. Bf5 Bc8 13. Rh3 Bxf5 14. Qxf5 g6 15. Qg5 h6 16. Qg3 Nh5 17. Qh2 Nxf4 18. Qxf4 Kg7 19. h5 Bd6 20. Ne5 Bxe5 21. dxe5 g5 22. Qf5 d4 23. 0-0-0 d3 24. f4 Kh8 25. Ne4 f6 26. Nxf6 Rf7 27. Qe6 Rc7 28. Nd5 1-0

[Event "POL-chT4 Kujawsko-Pomorskie 1617"]
[Site "Poland"]
[Date "2017.01.08"]
[Round "5.17"]
[White "Paliwoda, Borys"]
[Black "Rant, Izabela"]
[Result "1-0"]
[WhiteElo "1717"]
[BlackElo "1829"]
[PlyCount "133"]
[EventDate "2016.11.06"]
[EventType "team-tourn"]
[EventRounds "11"]
[EventCountry "POL"]
[SourceTitle "EXT 2019"]
[Source "ChessBase"]
[SourceDate "2018.10.10"]
[SourceVersion "1"]
[SourceVersionDate "2018.10.10"]
[SourceQuality "1"]

1. e4 c6 2. d4 d5 3. Nc3 dxe4 4. Nxe4 Nf6 5. Nxf6+ exf6 6. Nf3 Bd6 7. Be2 Bf5 8. 0-0 Nd7 9. c4 0-0 10. Be3 c5 11. d5 Qc7 12. Qd2 Rfe8 13. a3 Ne5 14. h3 h6 15. Rac1 Be4 16. Nxe5 Bxe5 17. b4 b6 18. Bd3 f5 19. f3 Bxd3 20. Qxd3 Bb2 21. Rcd1 Rad8 22. Bf2 Be5 23. bxc5 bxc5 24. Qxf5 Bb2 25. a4 Re2 26. Rfe1 Rxe1+ 27. Rxe1 Qa5 28. Qc2 Bd4 29. Re7 Bf6 30. Rb7 Re8 31. Kh2 Be5+ 32. g3 Bd6 33. Qf5 f6 34. Qg4 Re7 35. Rxe7 Bxe7 36. Qe6+ Kf8 37. d6 Bd8 38. Qc8 Qb6 39. Qxc5 Qxc5 40. Bxc5 a6 41. f4 Ke8 42. Kg2 Kd7 43. Kf3 f5 44. Ke3 Kc6 45. Bb4 Bf6 46. Kd3 g5 47. fxg5 Bxg5 48. Bd2 Bf6 49. Bxh6 Kxd6 50. g4 Kc5 51. Bf8+ Kb6 52. Bb4 fxg4 53. hxg4 Kc6 54. Ke4 Bb2 55. Kf5 a5 56. Bf8 Bc3 57. Ke6 Bb4 58. Kf7 Bd2 59. Ke6 Bb4 60. c5 Bd2 61. Kf5 Be3 62. g5 Bxc5 63. Bxc5 Kxc5 64. g6 Kb4 65. g7 Kxa4 66. g8Q Ka3 67. Qg7 1-0

[Event "POL-chT U19 1st League"]
[Site "Ustron"]
[Date "2015.08.02"]
[Round "9.27"]
[White "Musial, Tomasz"]
[Black "Paliwoda, Borys"]
[Result "1/2-1/2"]
[WhiteElo "1595"]
[BlackElo "1510"]
[PlyCount "104"]
[EventDate "2015.07.25"]
[EventType "team-tourn"]
[EventRounds "9"]
[EventCountry "POL"]
[SourceTitle "EXT 2018"]
[Source "ChessBase"]
[SourceDate "2017.10.13"]
[SourceVersion "1"]
[SourceVersionDate "2017.10.13"]
[SourceQuality "1"]
[WhiteTeam "Chrzanow UKS SP 8 U19"]
[BlackTeam "Victoria Komplexbud U19"]
[WhiteTeamCountry "POL"]
[BlackTeamCountry "POL"]

1. e4 c5 2. Nf3 e6 3. c3 Nf6 4. e5 Nd5 5. d4 cxd4 6. Qxd4 Nc6 7. Qe4 d6 8. Bb5 Bd7 9. c4 Nc7 10. Bg5 Qc8 11. exd6 Bxd6 12. 0-0 0-0 13. Rd1 Bc5 14. Qg4 f6 15. Bh4 Rf7 16. Nc3 e5 17. Qg3 Nxb5 18. Nxb5 a6 19. Nd6 Bxd6 20. Rxd6 Qf8 21. Rad1 Nd4 22. R1xd4 exd4 23. Bxf6 Rxf6 24. Rxd7 Rf7 25. Rxd4 Rd8 26. Rxd8 Qxd8 27. h4 h6 28. Ne5 Rf6 29. Qc3 Qd1+ 30. Kh2 Qd6 31. Qg3 Re6 32. f4 Rf6 33. Qb3 Qd4 34. g3 Rb6 35. Qa4 Rxb2+ 36. Kh3 Qd8 37. c5 Qc8+ 38. g4 Qe6 39. Qd4 Rxa2 40. Qd8+ Kh7 41. Qd3+ g6 42. h5 Rb2 43. hxg6+ Kg7 44. Nc4 Re2 45. f5 Qe4 46. Qd7+ Qe7 47. Qd4+ Qf6 48. Qd3 Re7 49. Nb6 Qe5 50. f6+ Qxf6 51. Nd5 Qe5 52. Nxe7 Qxe7 1/2-1/2

[Event "POL-chT U19 1st League"]
[Site "Ustron"]
[Date "2015.07.25"]
[Round "1.3"]
[White "Paliwoda, Borys"]
[Black "Sernecki, Franciszek"]
[Result "1/2-1/2"]
[WhiteElo "1510"]
[BlackElo "1932"]
[PlyCount "85"]
[EventDate "2015.07.25"]
[EventType "team-tourn"]
[EventRounds "9"]
[EventCountry "POL"]
[SourceTitle "EXT 2018"]
[Source "ChessBase"]
[SourceDate "2017.10.13"]
[SourceVersion "1"]
[SourceVersionDate "2017.10.13"]
[SourceQuality "1"]
[WhiteTeam "Victoria Komplexbud U19"]
[BlackTeam "Wroclaw MUKS MDK Srodmiescie U19"]
[WhiteTeamCountry "POL"]
[BlackTeamCountry "POL"]

1. e4 d6 2. d4 Nf6 3. Nc3 c6 4. f4 Qa5 5. Bd3 e5 6. dxe5 dxe5 7. f5 Nbd7 8. Bd2 Nc5 9. Nd5 Nxd3+ 10. cxd3 Qd8 11. Nxf6+ Qxf6 12. Nf3 Bc5 13. Qc1 Qd6 14. Qc2 0-0 15. Bc3 Bd4 16. Nxd4 exd4 17. Bd2 a5 18. 0-0 Re8 19. Bf4 Qd8 20. Qc5 Ra6 21. Be5 b6 22. Qxd4 Qxd4+ 23. Bxd4 c5 24. Bc3 Ra7 25. Rfe1 Rd7 26. Rad1 Red8 27. Rd2 Rxd3 28. Red1 Ba6 29. Kf2 f6 30. Rxd3 Bxd3 31. Ke3 c4 32. b3 Re8 33. bxc4 Bxe4 34. Kf2 Bxf5 35. Rd6 Be6 36. Rc6 Kf7 37. a4 Rb8 38. Bd4 h6 39. Bxb6 Bxc4 40. Rxc4 Rxb6 41. Rc7+ Kg6 42. Ra7 Rb2+ 43. Kg3 1/2-1/2

[Event "POL Olympiad U12"]
[Site "Spala"]
[Date "2014.12.30"]
[Round "2.17"]
[White "Paliwoda, Borys"]
[Black "Fus, Jakub"]
[Result "1-0"]
[WhiteElo "1499"]
[BlackElo "1429"]
[PlyCount "77"]
[EventDate "2014.04.06"]
[EventType "swiss"]
[EventRounds "9"]
[EventCountry "POL"]
[SourceTitle "EXT 2023"]
[Source "ChessBase"]
[SourceDate "2022.10.05"]
[SourceVersion "1"]
[SourceVersionDate "2022.10.05"]
[SourceQuality "1"]

1. e4 c5 2. Nf3 e6 3. d4 cxd4 4. Nxd4 a6 5. c4 Qc7 6. Nc3 Nf6 7. Be2 b6 8. 0-0 Bb7 9. f3 Be7 10. Be3 d6 11. Rc1 Nbd7 12. Qd2 Rc8 13. a3 0-0 14. b4 Qb8 15. Kh1 Rfe8 16. Nb3 Bd8 17. Rfd1 Bc7 18. Bg1 Qa8 19. Rc2 Re7 20. Qg5 Rce8 21. Nd4 h6 22. Qh4 Ne5 23. Na4 Qb8 24. Qf2 Ned7 25. Rb1 g6 26. b5 a5 27. Nc6 Bxc6 28. bxc6 Nc5 29. Nxc5 dxc5 30. Qh4 Kg7 31. Bxc5 Bd6 32. Bxb6 Qa8 33. c5 Bc7 34. Bb5 Rb8 35. Ba4 Qa6 36. Rcb2 g5 37. Qe1 Nh5 38. Bxc7 Rxb2 39. Be5+ 1-0

[Event "POL Olympiad U12"]
[Site "Spala"]
[Date "2014.12.30"]
[Round "5.15"]
[White "Paliwoda, Borys"]
[Black "Twardowski, Hubert"]
[Result "1/2-1/2"]
[WhiteElo "1499"]
[BlackElo "1450"]
[PlyCount "83"]
[EventDate "2014.04.06"]
[EventType "swiss"]
[EventRounds "9"]
[EventCountry "POL"]
[SourceTitle "EXT 2023"]
[Source "ChessBase"]
[SourceDate "2022.10.05"]
[SourceVersion "1"]
[SourceVersionDate "2022.10.05"]
[SourceQuality "1"]

1. e4 e5 2. Nf3 Nc6 3. d4 exd4 4. Nxd4 Nf6 5. Nc3 Bb4 6. f3 d6 7. Bc4 Nxd4 8. Qxd4 Bc5 9. Qd3 a6 10. Be3 Bxe3 11. Qxe3 Qe7 12. 0-0 Be6 13. Bd3 0-0 14. Rae1 Nd7 15. f4 f6 16. Qf3 c6 17. a3 Rae8 18. Qg3 Qf7 19. b3 f5 20. exf5 Bxf5 21. Ne4 Bxe4 22. Rxe4 Nc5 23. Rxe8 Rxe8 24. f5 Nxd3 25. Qxd3 Qf6 26. c4 Qe5 27. Rd1 Qe3+ 28. Qxe3 Rxe3 29. Rxd6 Rxb3 30. Rd7 b5 31. cxb5 axb5 32. Rc7 Rc3 33. g3 c5 34. Kg2 c4 35. Rc5 Rb3 36. a4 bxa4 37. Rxc4 a3 38. Ra4 Rb2+ 39. Kh3 a2 40. Ra7 h5 41. Kh4 Rxh2+ 42. Kg5 1/2-1/2

[Event "POL-chT U19 1st League"]
[Site "Maslow Pierwszy"]
[Date "2014.07.26"]
[Round "2"]
[White "Paliwoda, Borys"]
[Black "Mrozinski, Michal"]
[Result "0-1"]
[WhiteElo "1494"]
[BlackElo "1514"]
[PlyCount "96"]
[EventDate "2014.07.25"]
[EventType "team-tourn"]
[EventRounds "9"]
[EventCountry "POL"]
[SourceTitle "EXT 2015"]
[Source "ChessBase"]
[SourceDate "2014.11.20"]
[SourceVersion "1"]
[SourceVersionDate "2014.11.20"]
[SourceQuality "1"]
[WhiteTeam "Kielce KMKSz Victoria U19"]
[BlackTeam "Myslenice MLKSz U19"]
[WhiteTeamCountry "POL"]
[BlackTeamCountry "POL"]

1. e4 c5 2. Nf3 d6 3. d4 cxd4 4. Nxd4 Nf6 5. f3 g6 6. c4 Bg7 7. Nc3 0-0 8. Be3 a6 9. Be2 Nbd7 10. 0-0 b6 11. Nc6 Qe8 12. Nd5 Nxd5 13. cxd5 Bb7 14. Qb3 b5 15. a4 Bxc6 16. dxc6 Ne5 17. axb5 axb5 18. Bxb5 Nxc6 19. Qd5 Rc8 20. Ra6 Nb4 21. Qb7 Qd8 22. Bb6 Rb8 23. Qa7 Rxb6 24. Rxb6 Bd4+ 25. Kh1 Qxb6 26. Qa4 Rb8 27. Bc4 Nc6 28. Bd5 Ne5 29. h3 Nd3 30. Bxf7+ Kf8 31. Qa2 Be5 32. Bg8 Ke8 33. Bf7+ Kd8 34. b3 Bg3 35. Qa4 Nf2+ 36. Rxf2 Qxf2 37. Qa5+ Qb6 38. Qa4 Qb5 39. Qa1 Kd7 40. Bc4 Qb4 41. Qa7+ Rb7 42. Qg1 Qe1 43. Bf1 Bf2 44. Bb5+ Rxb5 45. Qxe1 Bxe1 46. f4 Bg3 47. Kg1 Rxb3 48. e5 Rb1# 0-1

[Event "POL-ch qual U11"]
[Site "Jastrzebia Gora"]
[Date "2013.09.25"]
[Round "6.2"]
[White "Godzwon, Iwo"]
[Black "Paliwoda, Borys"]
[Result "0-1"]
[WhiteElo "1260"]
[BlackElo "1469"]
[PlyCount "41"]
[EventDate "2013.09.25"]
[EventType "swiss"]
[EventRounds "9"]
[EventCountry "POL"]
[SourceTitle "EXT 2023"]
[Source "ChessBase"]
[SourceDate "2022.10.05"]
[SourceVersion "1"]
[SourceVersionDate "2022.10.05"]
[SourceQuality "1"]

1. d4 Nf6 2. c4 c5 3. e3 e6 4. Nf3 d5 5. Nc3 Nc6 6. Be2 Be7 7. 0-0 0-0 8. Re1 b6 9. b3 Bb7 10. Bb2 Rc8 11. dxc5 Bxc5 12. a3 d4 13. exd4 Bxd4 14. Na4 Bxb2 15. Nxb2 Rc7 16. Qc2 Rd7 17. Rad1 Nd4 18. Nxd4 Rxd4 19. Rxd4 Qxd4 20. Rd1 Qc5 21. b4 0-1

[Event "POL-ch qual U11"]
[Site "Jastrzebia Gora"]
[Date "2013.09.25"]
[Round "3.1"]
[White "Lipiak, Mateusz"]
[Black "Paliwoda, Borys"]
[Result "1/2-1/2"]
[WhiteElo "1442"]
[BlackElo "1469"]
[PlyCount "26"]
[EventDate "2013.09.25"]
[EventType "swiss"]
[EventRounds "9"]
[EventCountry "POL"]
[SourceTitle "EXT 2023"]
[Source "ChessBase"]
[SourceDate "2022.10.05"]
[SourceVersion "1"]
[SourceVersionDate "2022.10.05"]
[SourceQuality "1"]

1. e4 e5 2. Nf3 Nc6 3. Bb5 Nge7 4. d3 a6 5. Bxc6 Nxc6 6. 0-0 Bc5 7. Nc3 d6 8. h3 0-0 9. Bg5 Qe8 10. Nd5 Qd7 11. c3 f6 12. Be3 Bxe3 13. Nxe3 Ne7 1/2-1/2

[Event "POL-ch qual U11"]
[Site "Jastrzebia Gora"]
[Date "2013.09.25"]
[Round "2.2"]
[White "Paliwoda, Borys"]
[Black "Wirkus, Oliwer"]
[Result "1-0"]
[WhiteElo "1469"]
[BlackElo "1268"]
[PlyCount "32"]
[EventDate "2013.09.25"]
[EventType "swiss"]
[EventRounds "9"]
[EventCountry "POL"]
[SourceTitle "EXT 2023"]
[Source "ChessBase"]
[SourceDate "2022.10.05"]
[SourceVersion "1"]
[SourceVersionDate "2022.10.05"]
[SourceQuality "1"]

1. e4 e5 2. Nf3 Nc6 3. Bc4 Bc5 4. c3 Nf6 5. d3 d6 6. Bb3 Be6 7. Bxe6 fxe6 8. Qb3 Qc8 9. 0-0 0-0 10. Be3 Bb6 11. Nbd2 Ng4 12. Bxb6 axb6 13. d4 exd4 14. Nxd4 Kh8 15. h4 e5 16. Nf5 g6 1-0

[Event "Bydgoszcz U18 op 30th"]
[Site "Bydgoszcz"]
[Date "2013.01.14"]
[Round "2.13"]
[White "Chalas, Dawid"]
[Black "Paliwoda, Borys"]
[Result "1/2-1/2"]
[WhiteElo "1343"]
[BlackElo "1481"]
[PlyCount "63"]
[EventDate "2013.01.14"]
[EventType "swiss"]
[EventRounds "9"]
[EventCountry "POL"]
[SourceTitle "EXT 2023"]
[Source "ChessBase"]
[SourceDate "2022.10.05"]
[SourceVersion "1"]
[SourceVersionDate "2022.10.05"]
[SourceQuality "1"]

1. e4 c5 2. Nf3 e6 3. d4 cxd4 4. Nxd4 a6 5. Nc3 b5 6. a3 Bb7 7. Bd3 Qc7 8. 0-0 d6 9. Be3 Nf6 10. Qd2 Be7 11. f4 Nbd7 12. Nf3 0-0 13. Rae1 Rad8 14. Bd4 e5 15. Be3 Ng4 16. Kh1 Nxe3 17. Qxe3 Bf6 18. h3 h6 19. Nd5 Bxd5 20. exd5 exf4 21. Qxf4 Bxb2 22. a4 bxa4 23. Qxa4 Nc5 24. Qc4 Qd7 25. Be2 Rfe8 26. Rb1 Bf6 27. Rb6 Ne4 28. Kh2 Nc3 29. Nd2 Be5+ 30. Kh1 Rb8 31. Rc6 Qe7 32. Qg4 1/2-1/2

[Event "Bydgoszcz U18 op 30th"]
[Site "Bydgoszcz"]
[Date "2013.01.14"]
[Round "3.11"]
[White "Paliwoda, Borys"]
[Black "Jozwik, Kacper"]
[Result "1-0"]
[WhiteElo "1481"]
[BlackElo "1309"]
[PlyCount "89"]
[EventDate "2013.01.14"]
[EventType "swiss"]
[EventRounds "9"]
[EventCountry "POL"]
[SourceTitle "EXT 2023"]
[Source "ChessBase"]
[SourceDate "2022.10.05"]
[SourceVersion "1"]
[SourceVersionDate "2022.10.05"]
[SourceQuality "1"]

1. e4 c5 2. Nf3 e6 3. d4 cxd4 4. Nxd4 a6 5. Nc3 Qc7 6. Be3 Nc6 7. Be2 b5 8. 0-0 Bb7 9. Bd3 Nf6 10. Qe2 Bb4 11. Qe1 Ng4 12. g3 Nxe3 13. fxe3 Ne5 14. Nde2 Bc5 15. Nd4 Qb6 16. Qf2 0-0 17. Nce2 Nc6 18. c3 e5 19. Nc2 Nd8 20. Rad1 Ne6 21. h4 d5 22. exd5 Nc7 23. b4 Bd6 24. e4 Qxf2+ 25. Rxf2 a5 26. a3 axb4 27. cxb4 Bc8 28. Kg2 Bg4 29. Rc1 Bd7 30. Nc3 Rfb8 31. Rcf1 Rf8 32. Nd1 g6 33. Rd2 Kg7 34. Nde3 Rac8 35. Be2 Ra8 36. Rd3 Kg8 37. Rc3 Kg7 38. Bd3 Rh8 39. Ne1 h6 40. Nf3 Ra7 41. Rb3 f6 42. Nd2 g5 43. h5 Rha8 44. Nb1 Re8 45. Nf5+ 1-0

[Event "Bydgoszcz U18 op 30th"]
[Site "Bydgoszcz"]
[Date "2013.01.14"]
[Round "5.6"]
[White "Paliwoda, Borys"]
[Black "Kowalski, Roman"]
[Result "1/2-1/2"]
[WhiteElo "1481"]
[BlackElo "1602"]
[PlyCount "61"]
[EventDate "2013.01.14"]
[EventType "swiss"]
[EventRounds "9"]
[EventCountry "POL"]
[SourceTitle "EXT 2023"]
[Source "ChessBase"]
[SourceDate "2022.10.05"]
[SourceVersion "1"]
[SourceVersionDate "2022.10.05"]
[SourceQuality "1"]

1. e4 e5 2. Nf3 Nf6 3. Nxe5 d6 4. Nf3 Nxe4 5. d3 Nf6 6. Be2 Be7 7. 0-0 0-0 8. Nc3 Be6 9. Nd4 Bd7 10. Bf3 Nc6 11. Nxc6 Bxc6 12. Bxc6 bxc6 13. Re1 Nd7 14. Bf4 Rb8 15. Rb1 Bf6 16. Qd2 Ne5 17. Bxe5 Bxe5 18. d4 Bf6 19. Ne4 h6 20. c3 d5 21. Nxf6+ Qxf6 22. Re3 Rfe8 23. Rbe1 Rxe3 24. Rxe3 Qg6 25. Re1 a5 26. h3 a4 27. a3 Kh7 28. Qe2 Qe4 29. Qd2 Qg6 30. Qe2 Qe4 31. Qd2 1/2-1/2

[Event "Kujawsko Pomorskie-ch op-B 65th"]
[Site "Szubin"]
[Date "2012.08.15"]
[Round "6.4"]
[White "Drobka, Marcin"]
[Black "Paliwoda, Borys"]
[Result "0-1"]
[WhiteElo "1499"]
[BlackElo "1433"]
[PlyCount "77"]
[EventDate "2012.08.09"]
[EventType "swiss"]
[EventRounds "9"]
[EventCountry "POL"]
[SourceTitle "EXT 2023"]
[Source "ChessBase"]
[SourceDate "2022.10.05"]
[SourceVersion "1"]
[SourceVersionDate "2022.10.05"]
[SourceQuality "1"]

1. e4 c5 2. Nf3 e6 3. d4 cxd4 4. Nxd4 a6 5. Nc3 b5 6. a3 Bb7 7. g3 Qc7 8. Bg2 Nf6 9. 0-0 d6 10. Be3 Be7 11. Qe2 0-0 12. Rad1 Nbd7 13. Rfe1 Rac8 14. Bf4 Nb6 15. Nf3 e5 16. Be3 Nc4 17. Bc1 Nxa3 18. Nh4 Nc4 19. Bh3 Rcd8 20. Nf5 Bc8 21. b3 Nb6 22. Nd5 Nbxd5 23. exd5 Rfe8 24. Qd2 Bxf5 25. Bxf5 g6 26. Qg5 h6 27. Qxh6 gxf5 28. Qg5+ Kh8 29. Qxf5 Qd7 30. Qg5 Qg4 31. Qh6+ Nh7 32. f4 exf4 33. Bxf4 Bg5 34. Bxg5 Rxe1+ 35. Rxe1 Qxg5 36. Qxg5 Nxg5 37. h4 Nf3+ 38. Kf2 Nxe1 39. Kxe1 0-1

[Event "Kujawsko Pomorskie-ch op-B 65th"]
[Site "Szubin"]
[Date "2012.08.15"]
[Round "2.3"]
[White "Norov, Artem"]
[Black "Paliwoda, Borys"]
[Result "1-0"]
[WhiteElo "1626"]
[BlackElo "1433"]
[PlyCount "85"]
[EventDate "2012.08.09"]
[EventType "swiss"]
[EventRounds "9"]
[EventCountry "POL"]
[SourceTitle "EXT 2023"]
[Source "ChessBase"]
[SourceDate "2022.10.05"]
[SourceVersion "1"]
[SourceVersionDate "2022.10.05"]
[SourceQuality "1"]

1. d4 d5 2. c4 e6 3. Nf3 Be7 4. Nc3 Nf6 5. Bg5 h6 6. Bh4 0-0 7. e3 b6 8. Bd3 c5 9. 0-0 Bb7 10. Qe2 Nc6 11. dxc5 bxc5 12. Rfd1 Nb4 13. Bb1 Qd7 14. Ne5 Qd8 15. a3 Nc6 16. Bxf6 Bxf6 17. Qc2 Re8 18. Qh7+ Kf8 19. Nxf7 Kxf7 20. cxd5 exd5 21. Bg6+ Ke6 22. Bf5+ Kf7 23. Bg6+ Ke6 24. Bxe8 Qxe8 25. Nxd5 Rc8 26. Nf4+ Kf7 27. Qg6+ Kf8 28. Rd6 Ne5 29. Rxf6+ gxf6 30. Qxf6+ Kg8 31. Qxe5 Qd8 32. Qe6+ Kg7 33. Qg6+ Kh8 34. Qxh6+ Kg8 35. Qe6+ Kg7 36. Nh5+ Kf8 37. Qh6+ Kf7 38. Qh7+ Ke6 39. Nf4+ Ke5 40. Qxb7 Rb8 41. Qg7+ Ke4 42. Qg6+ Ke5 43. Qe6# 1-0

[Event "Kujawsko Pomorskie-ch op-B 65th"]
[Site "Szubin"]
[Date "2012.08.15"]
[Round "5.6"]
[White "Paliwoda, Borys"]
[Black "Budnik, Kazimierz"]
[Result "1-0"]
[WhiteElo "1433"]
[BlackElo "1419"]
[PlyCount "100"]
[EventDate "2012.08.09"]
[EventType "swiss"]
[EventRounds "9"]
[EventCountry "POL"]
[SourceTitle "EXT 2023"]
[Source "ChessBase"]
[SourceDate "2022.10.05"]
[SourceVersion "1"]
[SourceVersionDate "2022.10.05"]
[SourceQuality "1"]

1. e4 c5 2. Nf3 g6 3. d4 cxd4 4. Nxd4 Bg7 5. Nc3 Nc6 6. Be3 a6 7. f4 e6 8. Qd2 Nge7 9. 0-0-0 0-0 10. g4 b5 11. Nxc6 Nxc6 12. f5 Re8 13. h4 b4 14. Na4 Rb8 15. h5 Qa5 16. b3 Qe5 17. Qg2 Qa1+ 18. Kd2 Qf6 19. g5 Qe7 20. fxg6 Bb7 21. gxh7+ Kh8 22. h6 Be5 23. Be2 Nd4 24. Bh5 Rbc8 25. Bxd4 Bxd4 26. Rhf1 Rf8 27. Rde1 d6 28. Kc1 Bc6 29. Nb2 a5 30. Nc4 a4 31. Kd2 axb3 32. axb3 Ra8 33. Ke2 Ra2 34. Kd3 Bc3 35. Re3 d5 36. exd5 Bxd5 37. Qg3 Bxc4+ 38. bxc4 Qd7+ 39. Ke4 Qc6+ 40. Kf4 Qxc4+ 41. Kf3 Qc6+ 42. Kg4 Qc4+ 43. Rf4 Qc8 44. Ree4 Rxc2 45. Rf3 e5+ 46. Kh4 Rc1 47. Bg4 Rh1+ 48. Bh3 Qc7 49. Rf1 Rxf1 50. Bxf1 Kxh7 1-0